| 000 | 00833nam a22002411 4500 | ||
|---|---|---|---|
| 001 | 12236 | ||
| 003 | BD-RjUL | ||
| 005 | 20211208235247.0 | ||
| 008 | 140128t1959 nyuab b 001 0 eng | ||
| 035 | _a(BD-RjUL)12285 | ||
| 040 |
_aDLC _cDLC _dDLC _dBD-RjUL _beng |
||
| 041 | _aeng | ||
| 082 | 0 | 0 |
_a591.973 _216 _bCOC 1959 |
| 100 | 1 |
_aCollins, Henry Hill, _d1905-1961. _937967 |
|
| 245 | 1 | 0 |
_aComplete field guide to American wildlife : East, Central, and North .../ _cIllus. by Russell Francis Peterson, Nina L. Williams, and John Cameron Yrizarry / |
| 260 |
_aNew York : _bHarper, _cc1959 |
||
| 300 |
_axix, 683 p. : _billus. (part col.) maps. ; _c20 cm. |
||
| 504 | _aIncludes bibliographical reference and index. | ||
| 650 | 0 |
_aZoology _zUnited States. _937968 |
|
| 942 |
_2ddc _cBK |
||
| 999 |
_c12236 _d12236 |
||